[Event "Fortaleza Cearense-ch"]
[Site "Fortaleza"]
[Date "2024.01.27"]
[Round "9"]
[White "Silva, Caio Marques"]
[Black "De Saboya E Silva, Jose Frederic"]
[Result "1-0"]
[WhiteElo "1661"]
[BlackElo "1960"]
[PlyCount "115"]
[EventDate "2024.01.13"]
[EventType "tourn"]
[EventRounds "9"]
[EventCountry "BRA"]
[SourceTitle "CB09_2024"]
[SourceDate "2024.02.28"]
[SourceVersion "1"]
[SourceVersionDate "2024.02.28"]
[SourceQuality "1"]

1. c4 Nf6 2. g3 g6 3. Bg2 Bg7 4. Nc3 0-0 5. Nf3 d6 6. d3 e5 7. 0-0 Nbd7 8. Qc2 a5 9. Nb5 Nc5 10. d4 Bf5 11. Qd1 exd4 12. Nbxd4 Be4 13. Bh3 b6 14. b3 Bb7 15. Bb2 Nfe4 16. Rb1 d5 17. cxd5 Qxd5 18. Nb5 Qh5 19. Bg2 Rfd8 20. Qc2 Nd2 21. Nxd2 Bxg2 22. Kxg2 Qxe2 23. Bxg7 Rxd2 24. Qc3 Rad8 25. Bh6 Ne6 26. Rbe1 Qxb5 27. Rxe6 Qd5+ 28. Kg1 Rd4 29. Rc6 Qh5 30. Qe3 R4d7 31. Qg5 Qh3 32. Qh4 Qf5 33. Qf6 Qxf6 34. Rxf6 Rd6 35. Rxd6 Rxd6 36. Re1 f6 37. Bf4 Rc6 38. Rc1 Re6 39. Rxc7 g5 40. Be3 Rd6 41. Rb7 Rd1+ 42. Kg2 Ra1 43. a4 Rb1 44. Rxb6 Kf7 45. Bd2 h5 46. Bxa5 f5 47. h4 gxh4 48. gxh4 Rd1 49. Bc3 Rd3 50. Be5 Rd5 51. Rb5 Rd7 52. a5 Ke6 53. f4 Rd2+ 54. Kf3 Ra2 55. Rb6+ Kd5 56. a6 Kc5 57. Rh6 Ra3 58. Bd6+ 1-0

[Event "Fortaleza Cearense-ch"]
[Site "Fortaleza"]
[Date "2024.01.25"]
[Round "8"]
[White "Silveira, Jose Wanderley Maci"]
[Black "Silva, Caio Marques"]
[Result "1/2-1/2"]
[WhiteElo "1755"]
[BlackElo "1661"]
[PlyCount "55"]
[EventDate "2024.01.13"]
[EventType "tourn"]
[EventRounds "9"]
[EventCountry "BRA"]
[SourceTitle "CB09_2024"]
[SourceDate "2024.02.28"]
[SourceVersion "1"]
[SourceVersionDate "2024.02.28"]
[SourceQuality "1"]

1. e4 c5 2. Nf3 Nc6 3. b3 d6 4. Bb2 e5 5. h3 Nf6 6. d3 Be7 7. Be2 0-0 8. 0-0 Nd4 9. Nxd4 cxd4 10. c3 dxc3 11. Nxc3 Be6 12. d4 Rc8 13. dxe5 dxe5 14. Qxd8 Rfxd8 15. Rfd1 Rd4 16. Bf3 Rcd8 17. Rxd4 Rxd4 18. Rd1 Rxd1+ 19. Nxd1 Nd7 20. Ne3 f6 21. Kf1 Kf7 22. Ke2 Nc5 23. Kd2 Bd8 24. Kc3 Bb6 25. Bc1 g6 26. Nc4 Bxc4 27. Kxc4 Ne6 28. Be3 1/2-1/2

[Event "Fortaleza Cearense-ch"]
[Site "Fortaleza"]
[Date "2023.01.21"]
[Round "9"]
[White "Lima Filho, Gilberto Faco"]
[Black "Silva, Caio Marques"]
[Result "1-0"]
[WhiteElo "1955"]
[BlackElo "1673"]
[PlyCount "77"]
[EventDate "2023.01.07"]
[EventType "tourn"]
[EventRounds "9"]
[EventCountry "BRA"]
[SourceTitle "CBM 212 Extra"]
[Source "ChessBase"]
[SourceDate "2023.03.31"]
[SourceVersion "1"]
[SourceVersionDate "2023.03.31"]
[SourceQuality "1"]

1. e4 d5 2. exd5 Qxd5 3. Nc3 Qa5 4. d4 Nf6 5. Bc4 Bf5 6. Nf3 c6 7. Ne5 e6 8. g4 Bg6 9. h4 Be4 10. Rh3 Bd5 11. Bd2 Qc7 12. Qe2 Bxc4 13. Nxc4 Nbd7 14. 0-0-0 b5 15. Ne5 Nxe5 16. dxe5 Nd7 17. f4 0-0-0 18. Be3 Qa5 19. Kb1 Ba3 20. Ne4 Be7 21. Nd6+ Bxd6 22. Rxd6 Nb8 23. Bd2 Qc7 24. Rhd3 Rxd6 25. exd6 Qb6 26. Be3 Qb7 27. a4 Kd7 28. axb5 cxb5 29. Qf2 f6 30. f5 e5 31. g5 Qh1+ 32. Bc1 Qb7 33. gxf6 gxf6 34. Qg1 Ke8 35. d7+ Nxd7 36. Bh6 Nf8 37. Qc5 Nd7 38. Qd6 Kd8 39. Qxf6+ 1-0

[Event "Joao Pessoa Fischer Memorial 11th"]
[Site "Joao Pessoa"]
[Date "2022.05.06"]
[Round "1"]
[White "Silva, Caio Marques"]
[Black "Pereira, Silvio Cunha"]
[Result "0-1"]
[WhiteElo "1678"]
[BlackElo "2185"]
[PlyCount "44"]
[EventDate "2022.05.06"]
[EventType "swiss"]
[EventRounds "6"]
[EventCountry "BRA"]
[SourceTitle "EXT 2023"]
[Source "ChessBase"]
[SourceDate "2022.10.05"]
[SourceVersion "1"]
[SourceVersionDate "2022.10.05"]
[SourceQuality "1"]

1. c4 c5 2. Nc3 Nc6 3. Nf3 g6 4. g3 Bg7 5. Bg2 e6 6. 0-0 Nge7 7. Ne4 d6 8. d3 f5 9. Nc3 0-0 10. e4 e5 11. a3 f4 12. Rb1 h6 13. b4 g5 14. bxc5 dxc5 15. gxf4 exf4 16. Nd5 g4 17. Nxf4 gxf3 18. Bxf3 Be5 19. Nh5 Ng6 20. Kh1 Nd4 21. Bg4 Qh4 22. h3 Rf3 0-1

[Event "Fortaleza Saboya Cup"]
[Site "Fortaleza"]
[Date "2022.03.19"]
[Round "4"]
[White "Silva, Caio Marques"]
[Black "Nunes, Moezio Correia"]
[Result "1-0"]
[WhiteElo "1845"]
[BlackElo "1880"]
[PlyCount "71"]
[EventDate "2022.03.17"]
[EventType "swiss"]
[EventRounds "6"]
[EventCountry "BRA"]
[SourceTitle "EXT 2023"]
[Source "ChessBase"]
[SourceDate "2022.10.05"]
[SourceVersion "1"]
[SourceVersionDate "2022.10.05"]
[SourceQuality "1"]

1. Nf3 d6 2. d4 Nf6 3. Bg5 c6 4. h3 Nbd7 5. e3 Qa5+ 6. c3 b5 7. Nbd2 b4 8. Nc4 Qd5 9. cxb4 a5 10. bxa5 Ne4 11. Bf4 Ba6 12. Qc2 Bxc4 13. Bxc4 Qxa5+ 14. Kf1 d5 15. Bd3 Qb6 16. Bxe4 dxe4 17. Ne5 Nxe5 18. Bxe5 f6 19. Bg3 f5 20. a3 e6 21. Rc1 Rc8 22. b4 Qa6+ 23. Qc4 Qxc4+ 24. Rxc4 Ra8 25. Rxc6 Rxa3 26. Kg1 Kf7 27. b5 Be7 28. b6 Rb3 29. Kh2 h5 30. Ra1 h4 31. Be5 Rb2 32. Ra7 Rxf2 33. Rcc7 Re8 34. Rxe7+ Rxe7 35. Rxe7+ Kxe7 36. b7 1-0

[Event "Fortaleza Schoonenborch 7th"]
[Site "Fortaleza"]
[Date "2020.02.09"]
[Round "6"]
[White "De Lima, Theo Magalhaes"]
[Black "Silva, Caio Marques"]
[Result "0-1"]
[WhiteElo "1406"]
[BlackElo "1758"]
[PlyCount "106"]
[EventDate "2020.02.06"]
[EventType "swiss"]
[EventRounds "6"]
[EventCountry "BRA"]
[SourceTitle "CBM 195 Extra"]
[Source "ChessBase"]
[SourceDate "2020.05.31"]
[SourceVersion "1"]
[SourceVersionDate "2020.05.31"]
[SourceQuality "1"]

1. d4 d5 2. c4 Nf6 3. cxd5 Qxd5 4. Nc3 Qd8 5. e4 g6 6. Nf3 Bg7 7. Bc4 0-0 8. 0-0 c6 9. Bg5 Bg4 10. Be3 e6 11. h3 Bxf3 12. Qxf3 Nbd7 13. Bg5 e5 14. d5 Nb6 15. Bb3 h6 16. Bh4 g5 17. Bg3 cxd5 18. exd5 Nfd7 19. Rfe1 Qf6 20. Qe3 Rfe8 21. Ne4 Qe7 22. d6 Qf8 23. Rac1 Kh8 24. Qd2 f5 25. Nc3 Nc5 26. Red1 Nxb3 27. axb3 f4 28. Bh2 Rad8 29. Nb5 e4 30. Rc7 Rd7 31. Rxd7 Nxd7 32. Nxa7 Qf7 33. Qc2 e3 34. b4 Qe6 35. Nb5 Qe5 36. Nc7 Rc8 37. b3 e2 38. Re1 Qxd6 39. Rxe2 Rxc7 40. Re8+ Nf8 41. Qb1 Qxb4 42. Bxf4 Qxf4 43. g3 Rc1+ 44. Kg2 Qxf2+ 45. Kxf2 Rxb1 46. b4 Rxb4 47. g4 Kg8 48. Kg3 Kf7 49. Re1 Ne6 50. h4 Rb3+ 51. Kg2 Nf4+ 52. Kh2 Rh3+ 53. Kg1 Bd4+ 0-1

[Event "Fortaleza Schoonenborch 7th"]
[Site "Fortaleza"]
[Date "2020.02.06"]
[Round "1"]
[White "Silva, Caio Marques"]
[Black "Moreira, Mario Wedney De Lim"]
[Result "1-0"]
[WhiteElo "1758"]
[BlackElo "1469"]
[PlyCount "113"]
[EventDate "2020.02.06"]
[EventType "swiss"]
[EventRounds "6"]
[EventCountry "BRA"]
[SourceTitle "CBM 195 Extra"]
[Source "ChessBase"]
[SourceDate "2020.05.31"]
[SourceVersion "1"]
[SourceVersionDate "2020.05.31"]
[SourceQuality "1"]

1. c4 g6 2. Nc3 Bg7 3. g3 Nf6 4. Bg2 0-0 5. Nf3 d6 6. 0-0 Nbd7 7. d3 Rb8 8. Bd2 b6 9. Nd4 Bb7 10. Bxb7 Rxb7 11. Nc6 Qe8 12. Qc1 Nc5 13. Nd5 Nxd5 14. cxd5 e6 15. Bc3 exd5 16. Bxg7 Kxg7 17. b4 Qxc6 18. Rb1 Qe8 19. bxc5 dxc5 20. Qb2+ Kg8 21. Rfc1 Rb8 22. e3 Qe7 23. a4 Rfe8 24. Qa3 a5 25. Rb5 Qg5 26. Qb2 Qe5 27. Qxe5 Rxe5 28. Rcxc5 c6 29. Rxc6 Re6 30. Rcc5 Rd8 31. Rxd5 Rc8 32. Rb2 h5 33. h4 Rf6 34. Rdb5 Rcc6 35. Kg2 Kf8 36. e4 Rfd6 37. R5b3 Ke7 38. Kf3 Ke6 39. Ke3 f5 40. f3 fxe4 41. fxe4 Kd7 42. Rf2 Rc1 43. Rf7+ Ke8 44. Rb7 Rcc6 45. e5 Re6 46. Ke4 Rc5 47. d4 Rc4 48. R3xb6 Rxb6 49. Rxb6 Rxa4 50. Rxg6 Ra1 51. Ra6 a4 52. d5 a3 53. Kf5 a2 54. Ke6 Kd8 55. d6 Kc8 56. d7+ Kc7 57. Ra7+ 1-0

[Event "Joao Pessoa Fischer Memorial 9th"]
[Site "Joao Pessoa"]
[Date "2018.03.18"]
[Round "5"]
[White "Tejo, Joao Jorge de Medei"]
[Black "Silva, Caio Marques"]
[Result "1-0"]
[WhiteElo "1941"]
[BlackElo "1658"]
[PlyCount "57"]
[EventDate "2018.03.16"]
[EventType "swiss"]
[EventRounds "6"]
[EventCountry "BRA"]
[SourceTitle "CBM 183 Extra"]
[Source "ChessBase"]
[SourceDate "2018.04.19"]
[SourceVersion "1"]
[SourceVersionDate "2018.04.19"]
[SourceQuality "1"]

1. e4 d5 2. exd5 Nf6 3. c4 c6 4. Nc3 cxd5 5. cxd5 Nxd5 6. Nf3 a6 7. d4 e6 8. Bd3 Be7 9. Qe2 Nc6 10. a3 Qd6 11. 0-0 Bf6 12. Ne4 Qd8 13. Nxf6+ Nxf6 14. Be3 Ne7 15. Rad1 Ned5 16. Bg5 h6 17. Bc1 Bd7 18. Ne5 Rc8 19. Nxd7 Qxd7 20. f4 0-0 21. f5 b5 22. Qf3 Qd6 23. Bb1 exf5 24. Bxf5 Rc4 25. Bd3 Rcc8 26. g4 Rfe8 27. g5 Rxc1 28. Rxc1 Re3 29. Rc8+ 1-0

[Event "Fortaleza Monte Cup"]
[Site "Fortaleza"]
[Date "2017.04.22"]
[Round "3"]
[White "Silva, Caio Marques"]
[Black "Carmo e Silva, Jammes Willian"]
[Result "1-0"]
[WhiteElo "1810"]
[BlackElo "1906"]
[PlyCount "63"]
[EventDate "2017.04.21"]
[EventType "swiss"]
[EventRounds "6"]
[EventCountry "BRA"]
[SourceTitle "CBM 178 Extra"]
[Source "ChessBase"]
[SourceDate "2017.06.22"]
[SourceVersion "1"]
[SourceVersionDate "2017.06.22"]
[SourceQuality "1"]

1. e4 c5 2. Nf3 d6 3. d4 cxd4 4. c3 d3 5. Bxd3 g6 6. Bb5+ Bd7 7. Qd4 e5 8. Bxd7+ Qxd7 9. Nxe5 dxe5 10. Qxe5+ Qe6 11. Qxh8 Nf6 12. 0-0 Nbd7 13. Bh6 0-0-0 14. Bxf8 Rxf8 15. Qg7 Qxe4 16. Qh6 Ng4 17. f3 Nxh6 18. fxe4 Nc5 19. Nd2 Re8 20. Rad1 Re7 21. b4 Na4 22. h3 f5 23. exf5 Nxf5 24. Rf3 Rd7 25. g4 Nb2 26. Rb1 Rxd2 27. gxf5 Nc4 28. fxg6 hxg6 29. a4 Rd6 30. Rbf1 Ne5 31. Re3 Nc4 32. Re7 1-0